| 000 | 00877nam a2200301Ia 4500 | ||
|---|---|---|---|
| 008 | 160803s9999 xx 000 0 und d | ||
| 020 | _a9780375899515 | ||
| 100 | _aLarson, Kirby | ||
| 245 | 4 | _aThe friendship doll / | |
| 245 | _cKirby Larson. | ||
| 260 | _aNew York : | ||
| 260 | _bScholastic Inc. | ||
| 260 | _c2012 | ||
| 300 | _a201 pages ; | ||
| 300 | _c20 cm. | ||
| 500 | _aOriginally published: New York : Yearling, c2011. | ||
| 650 | _aConduct of life -- | ||
| 650 | _aDolls -- | ||
| 650 | _aJapan -- Foreign relations -- United States -- | ||
| 650 | _aUnited States -- Foreign relations -- Japan -- | ||
| 650 | _aUnited States -- History -- 20th century -- | ||
| 650 | _xJuvenile fiction. | ||
| 650 | _xJuvenile fiction. | ||
| 650 | _xJuvenile fiction. | ||
| 650 | _xJuvenile fiction. | ||
| 650 | _xJuvenile fiction. | ||
| 700 | _a760 | ||
| 999 |
_c298380 _d298380 |
||